Normal view MARC view

Entry Personal Name

Number of records used in: 1

001 - CONTROL NUMBER

  • control field: 1094760

003 - CONTROL NUMBER IDENTIFIER

  • control field: OSt

005 - DATE AND TIME OF LATEST TRANSACTION

  • control field: 20260121172940.0

008 - FIXED-LENGTH DATA ELEMENTS

  • fixed length control field: 260121|| aca||aabn | a|a d

040 ## - CATALOGING SOURCE

  • Original cataloging agency: OSt
  • Transcribing agency: OSt

100 ## - HEADING--PERSONAL NAME

  • Personal name: Natalia Ankusheva, Igor V. Chechushkov, Ivan Stepanov, Maksim Ankushev, Polina Ankusheva

670 ## - SOURCE DATA FOUND

  • Source citation: Work cat.: (OSt)1660502: Natalia Ankusheva, Igor V. Chechushkov, Ivan Stepanov, Maksim Ankushev, Polina Ankusheva, Geoarchaeology and Archaeological Mineralogy
Copyright @ Delhi University Library System